| 000 | 00966cam a2200313 i 4500 | ||
|---|---|---|---|
| 999 |
_c200441644 _d59856 |
||
| 003 | TR-AnTOB | ||
| 005 | 20220517095340.0 | ||
| 007 | ta | ||
| 008 | 210630s1960 enk 000 0 eng d | ||
| 010 | _a61040169 | ||
| 035 | _a0197306 | ||
| 040 |
_aDLC _beng _erda _cYDM _dTR-AnTOB |
||
| 041 | 0 | _aeng | |
| 050 | 0 | 4 |
_aTN260 _b.R63 1961 |
| 090 |
_aTN260 _b.R63 1961 |
||
| 090 | 0 | 0 |
_aTN260 _b.R6 |
| 100 | 1 |
_aRobertson, Robert H. S. _q(Robert Hugh Stannus), _d1911-1999 _eauthor _9131138 |
|
| 245 | 1 | 0 |
_aMineral use guide : _bor Robertson's spiders' webs / _cby R. H. S. Robertson. |
| 250 | _aSecond impression. | ||
| 264 | 1 |
_aLondon : _bCleaver-Hume Press, _c[1960]. |
|
| 300 |
_a44 l. : _b(Chiefly diagrams) _c20 x 21 cm |
||
| 336 |
_atext _btxt _2rdacontent |
||
| 337 |
_aunmediated _bn _2rdamedia |
||
| 338 |
_avolume _bnc _2rdacarrier |
||
| 650 | 0 |
_aMines and mineral resources _9115714 |
|
| 942 |
_2lcc _cBK |
||